Les opéras en Europe - 3 - Statistiques

Statistiques générales
  • Ce quiz a été pris 10 fois
  • Le résultat moyen est 9 sur 26
Statistiques - réponses
Par images Hint Réponse % Correct
Autriche - S Salzbourg
89%
Belgique - B Bruxelles
78%
Géorgie - T Tbilissi
78%
France - L Lille
67%
Ukraine - O Odessa
67%
Suède - S Stockholm
67%
France - AEP Aix-en-Provence
56%
France - C Calais
56%
Allemagne - N Nuremberg
56%
Allemagne - H Hanovre
44%
France - N Nancy
44%
France - A Avignon
33%
Ukraine - D Donetsk
33%
Italie - T Trieste
22%
Italie - C Cagliari
11%
Allemagne - K Karlsruhe
11%
Pologne - L Lodz
11%
France - M Massy
11%
Italie - R Ravenne
11%
France - R Strasbourg
11%
France - V Vichy
11%
Suisse - B Bienne
0%
Ukraine - D Dnipropetrovsk
0%
Italie - L Lucques
0%
Italie - S Spolète
0%
Suisse - W Winterthour
0%
Aucun quiz correspondant
Distribution des résultats
% des personnes avec chaque résultat
Percentile par nombre de réponses
Votre historique - résultats
Vous n’avez pas pris ce quiz